| 000 | 00957nam a2200265 a 4500 | ||
|---|---|---|---|
| 001 | 1044878 | ||
| 003 | NUST - PNEC | ||
| 005 | 20170116181137.0 | ||
| 008 | 890829s1989 enkab b 001 0 eng | ||
| 010 | _a 89180885 | ||
| 020 | _a0853687692 : | ||
| 040 |
_aDLC _cLIBRARY _dDLC |
||
| 043 | _aa-af--- | ||
| 050 | 0 | 0 |
_aDS371.2 _b.I83 1989 |
| 082 | 0 | 0 | _a958.1044 ISB |
| 100 | 1 | _aIsby, David C. | |
| 245 | 1 | 0 |
_aWar in a distant country, Afghanistan : _binvasion and resistance / _cDavid C. Isby. |
| 260 |
_aLondon : _bArms and Armour ; _aNew York, NY : _bDistributed in the USA by Sterling Pub. Co, _c1989. |
||
| 300 |
_a128 p. : _bill., maps ; _c26 cm. |
||
| 504 | _aIncludes bibliographical references (p. [125]-126) and index. | ||
| 651 | 0 |
_aAfghanistan _xHistory _ySoviet occupation, 1979-1989. |
|
| 906 |
_a7 _bcbc _corignew _d2 _encip _f19 _gy-gencatlg |
||
| 942 |
_2ddc _cBK |
||
| 999 |
_c70295 _d70295 |
||